000 00251nam a22001217a 4500
003 SGT
082 _bHOL
100 _aHOLOWAY, J. CHRISTOPHER
245 _aTHE BUSINESS OF TOURISM
260 _bMACDONAL PUB.
_c1983
300 _a246
942 _2ddc
_cBK
999 _c13674
_d13674